The pathogenesis of infectious disease / (Record no. 3714)

000 -LEADER
fixed length control field 00813nam a2200265 i 4500
001 - CONTROL NUMBER
control field 4596557
003 - CONTROL NUMBER IDENTIFIER
control field ALUPE UNIVERSITY
005 - DATE AND TIME OF LATEST TRANSACTION
control field 20220202113900.0
008 - FIXED-LENGTH DATA ELEMENTS--GENERAL INFORMATION
fixed length control field 770628s1976 enka b 001 0 eng
010 ## - LIBRARY OF CONGRESS CONTROL NUMBER
LC control number 76001092
015 ## - NATIONAL BIBLIOGRAPHY NUMBER
National bibliography number GB***
020 ## - INTERNATIONAL STANDARD BOOK NUMBER
International Standard Book Number 0124982506 (Grune & Stratton) :
Terms of availability $14.75 (U.S.)
040 ## - CATALOGING SOURCE
Original cataloging agency DLC
Transcribing agency ALUPE UNIVERSITY
Modifying agency DLC
050 00 - LIBRARY OF CONGRESS CALL NUMBER
Classification number RB153
Item number .M55
082 00 - DEWEY DECIMAL CLASSIFICATION NUMBER
Classification number 616.01
100 1# - MAIN ENTRY--PERSONAL NAME
Personal name Mims, Cedric A.
245 14 - TITLE STATEMENT
Title The pathogenesis of infectious disease /
Statement of responsibility, etc. Cedric A. Mims.
260 ## - PUBLICATION, DISTRIBUTION, ETC.
Place of publication, distribution, etc. London :
Name of publisher, distributor, etc. Academic Press ;
Place of publication, distribution, etc. New York :
Name of publisher, distributor, etc. Grune & Stratton,
Date of publication, distribution, etc. 1976.
300 ## - PHYSICAL DESCRIPTION
Extent x, 246 p. :
Other physical details ill. ;
Dimensions 24 cm.
504 ## - BIBLIOGRAPHY, ETC. NOTE
Bibliography, etc. note Includes bibliographies and index.
650 #0 - SUBJECT ADDED ENTRY--TOPICAL TERM
Topical term or geographic name entry element Infection.
650 #0 - SUBJECT ADDED ENTRY--TOPICAL TERM
Topical term or geographic name entry element Pathology.
906 ## - LOCAL DATA ELEMENT F, LDF (RLIN)
a 7
b cbc
c orignew
d 2
e ocip
f 19
g y-gencatlg
942 ## - ADDED ENTRY ELEMENTS (KOHA)
Source of classification or shelving scheme
Koha item type Book
Suppress in OPAC BA
Holdings
Withdrawn status Lost status Source of classification or shelving scheme Damaged status Not for loan Permanent Location Current Location Shelving location Date acquired Source of acquisition Total Checkouts Full call number Barcode Date last seen Price effective from Koha item type Public note Copy number
          AU LIBRARY AU LIBRARY Open Shelf 02.02.2022 DONATION FROM MOI UNIVERSITY   RB153 .M55 1976 28005154 02.02.2022 02.02.2022 Book BA  
          AU LIBRARY AU LIBRARY Open Shelf 18.02.2022 DONATION FROM MOI UNIVERSITY   RB153 .M55 1976 C2 28005535 18.02.2022 18.02.2022 Book BA 2

Powered by Koha